000 00540nam a2200157 i 4500
001 36448
003 ES-MaACL
007 t|
008 030218s1925 xxu ||||1| eng d
100 1 _aBujarin, Nikolai Ivanovich,
_d1888-1938
_9242370
245 1 0 _aHistorical materialism
_b: system of sociology /
_cby Nikolai Ivanovich Bujarin ; translation from the third russian edition.
260 _aNew York :
_bInternational Publishers,
_c1925.
300 _aXV, 318 p. ;
_c23 cm.
852 _aES-MaACL
_jB-614
999 _c36448
_d36448